000 00667nam a22002297a 4500
003 UA-OsUOA
001 119900
007 ta
008 20161121b un ||||| |||| 00| 0 ukr d
100 _aБєлоколос О.
700 _aЯременко Б.
090 _a32
_bБ57
942 _cSA
040 _aUA-OsUOA
_bukr
_cUA-OsUOA
_dUA-OsUOA
245 _aВибори президента США: як сталося неймовірне, і чого очікувати Україні?
300 _aС.1,3
955 _a0
041 _aukr
080 _a32
773 0 _w119899
_tДзеркало тижня
_dК.
_d2016
_g42
650 7 _a32 Політика
_2UDC
999 _c405828
_d405828